000 00293nam a22001337a 4500
999 _c259274
_d259273
003 OSt
005 20220920151940.0
008 220920b xxu||||| |||| 00| 0 eng d
040 _cN/A
100 _aWilliam Frank
245 _aDiwani Yangu
260 _aNairobi
_bKLB
_c1979
942 _2lcc
_cBK